Conversación con Claus Offe /

Guardat en:
Dades bibliogràfiques
Autor principal: Maresch, Rudolf
Format: Text
Etiquetes: Afegir etiqueta
Sense etiquetes, Sigues el primer a etiquetar aquest registre!

MARC

LEADER 00000 a a2200000 04500
001 47480
003
040
100 |a Maresch, Rudolf  
245 |a Conversación con Claus Offe /  |c Rudolf Maresch  
773 |g número1, (1994), páginas 98-102  
999 |c 24274  |d 24274